[Event "Cutro 06th"]
[Site "Cutro"]
[Date "2000.05.02"]
[Round "6"]
[White "Aleksic, Nenad"]
[Black "Chatalbashev, Boris"]
[Result "0-1"]
[WhiteElo "2405"]
[BlackElo "2522"]
[Annotator "Avrukh,B"]
[PlyCount "56"]
[EventDate "2000.04.27"]
[EventType "tourn"]
[EventRounds "9"]
[EventCountry "ITA"]
[EventCategory "9"]
[SourceTitle "CBM 077"]
[Source "ChessBase"]
[SourceDate "2000.07.27"]
[SourceVersion "1"]
[SourceVersionDate "2000.07.27"]
[SourceQuality "1"]

1. e4 g6 2. d4 Bg7 3. Nc3 d6 4. Bg5 c6 5. Qd2 b5 6. f4 Nf6 7. Bd3 O-O 8. Nf3
Bg4 9. e5 (9. O-O-O $5 b4 10. Ne2 a5 11. f5 d5 (11... Nbd7 $5) 12. Bxf6 exf6
13. Qf4 Bxf3 14. gxf3 $16 {[%csl Gg7] 1-0 Tiviakov,S-Delemarre,J/Wijk aan Zee
NED 2000/The Week in Chess 272 (35)}) 9... b4 (9... dxe5 $6 10. fxe5 Nd5 11.
Ne4 $5 $36) 10. Ne2 (10. exf6 $2 exf6 11. Bh4 bxc3 12. Qxc3 Bxf3 13. gxf3 Re8+
$17) 10... Bxf3 (10... Nd5 11. O-O f6 12. exf6 exf6 13. Bh4 Nd7 14. h3 Be6 $2 (
14... Bxf3 $142 15. Rxf3 {[%cal Gf4f5]} Qb6 {[%cal Gf6f5]} 16. f5 Ne5 17. Rf2
Nxd3 18. Qxd3 $14) 15. f5 $1 Bxf5 16. Bxf5 gxf5 17. Bg3 {[%cal Gf3h4]} N7b6 18.
Nh4 Nc4 19. Qd3 Nce3 20. Rf3 Qe7 21. Nf4 $1 $16 {1-0 Waitzkin,J-Vulicevic,N/
New York 1998/EXT 2000 (63)}) 11. gxf3 Nd5 12. Bc4 (12. exd6 Qxd6 13. f5 e5 14.
Bh6 exd4 15. Be4 Rd8 (15... Nd7 $142 $13) 16. Bxg7 Kxg7 17. Qxd4+ Nf6 18. O-O-O
$16 {@,Peters,J-Van der Sterren,P/London Lloyds Bank op/1978/ (22)}) (12. Kf2
f6 13. exf6 exf6 14. Bh4 Bh6 $132 {1-0 Baron Rodriguez,J-Garza Marco,S/Cala
Galdana ESP 1999 (62)}) 12... Nd7 $146 {[%mdl 8]} (12... a5 13. O-O-O f6 (13...
Qd7 14. f5 $1 Qxf5 15. Ng3 Qe6 16. f4 {[%cal Gf4f5]} dxe5 17. f5 Qd6 18. fxg6
hxg6 19. Rdg1 exd4 20. Nf5 $1 Qe5 21. Nxg7 Ne3 22. Bxe3 dxe3 23. Qd3 Kxg7 24.
Bxf7 Qh5 25. Rxg6+ {1-0/Dreev,A-Azmayparashvili,Z/Moscow GMA-op/1989/}) 14.
exf6 exf6 (14... Bxf6 15. h4 $36) 15. Bh4 Bh6 $6 (15... Kh8 16. f5 $1 g5 17.
Bg3 {[%cal Rh2h4] /\h4->}) (15... Qd7 $142 $5 $13 {[%csl Rf4][%cal Yg8h8,Yf6f5]
/\Kh8,f5,><f4}) 16. Bf2 Nd7 17. h4 N7b6 18. Bd3 $36 {1-0 Ulibin,M-Zakharevich,
I/Elista 1995/CBM 50/[Stohl] (45)}) (12... f6 13. exf6 exf6 14. Bh4 Qb6 15. f5
$1 $16) 13. Bxd5 $6 {White overestimates his chances in the position with
pawn-up,that now arise.Black has a very good compensation for the pawn and
easy play.} (13. exd6 f6 14. Bxd5+ cxd5 15. Bh4 a5 16. dxe7 Qxe7 $44) (13.
O-O-O $142 N7b6 14. Bd3 f6 15. exf6 exf6 16. Bh4 Bh6 17. Bf2 {leads to the
position from Ulibin-Zakharevich game}) 13... cxd5 14. exd6 f6 15. dxe7 (15.
Bh4 a5 16. dxe7 Qxe7 $44) 15... Qxe7 16. Bh4 Rae8 $44 17. Kf2 g5 $5 {
Interesting try} (17... Nb6 18. b3 Qe6 $44) 18. Bg3 (18. fxg5 {was too
dangerous for white} fxg5 19. Bxg5 Nf6 $1 {[%cal Gf6e4]} (19... Qf7 $143 20.
Qd3 Bxd4+ $5 21. Nxd4 Nc5 22. Qd1 Ne4+ 23. Kf1 Nxg5 24. Rg1 Qf4 25. Rg3 Kh8 26.
Kg2 $14) 20. Bxf6 (20. Bf4 Bh6 $1 (20... Nh5)) (20. Ke1 Qe6 21. Kd1 Qh3 $36 (
21... Nh5 $5 $36)) 20... Qxf6 21. Rag1 (21. Qd3 $2 Bh6 $1) 21... Qxf3+ 22. Ke1
Rf6 $1 {[%cal Gf6e6]} 23. Rf1 Qg2 24. Rfg1 Qe4 25. Kd1 (25. Qd3 Qxd3 26. cxd3
Ra6 $17) 25... Rf2 $19) 18... h5 19. h4 (19. h3 $5) 19... g4 $1 {[%csl Ge4]}
20. fxg4 $6 (20. f5 $142 Nb6 $1 (20... gxf3 21. Nf4 $1 {[%cal Gf4e6]} Qe4 (
21... Bh6 $2 22. Rae1 Qd6 23. Kxf3 $16) 22. Qd3 (22. Nxh5 $2 Bh6 23. Bf4 (23.
Nf4 Qxf5 $17) 23... Qxf5 24. Rae1 Rxe1 25. Rxe1 Rc8 26. c3 bxc3 27. bxc3 Qxh5
28. Bxh6 Qxh4+ 29. Kxf3 Rxc3+ $1 $19) 22... Rc8 23. Rac1 Bh6 24. Rhe1 Qxd3 25.
cxd3 $16 Rxc1 26. Rxc1 Ne5 27. dxe5 fxe5 28. Rg1 $18) (20... Bh6 21. Nf4 gxf3
22. Rae1 Qh7 23. Qd3 $16) 21. Nf4 (21. Rae1 Nc4 22. Qf4 Nxb2 {[%cal Gb2d1]}) (
21. b3 {[%csl Gc3]} Bh6 22. Nf4 gxf3 23. Rae1 Qd7 24. Qd3 Rc8 {[%cal Gc8c3]}
25. Ne6 Rc3 26. Nxf8 Bxf8 27. Qd2 Qxf5 $17) 21... Nc4 22. Qd3 Nxb2 23. Qb3 Nc4
$13 24. Rae1 (24. Ne6 Bh6) 24... Qb7 $13) 20... hxg4 {[%cal Gf6f5,Gd7f6,Gf6e4]}
21. f5 $8 Qe4 {[%cal Ge4f3]} 22. Qd3 Bh6 {[%cal Gh6e3]} 23. Qxe4 $2 {Decisive
mistake,luckily for black white afraid of getting back the material and gets
very bad position.} (23. Raf1 Be3+ (23... Rf7 $2 {[%cal Gf7e7]} 24. Qxe4 Rxe4
25. Bd6) (23... Nb6 24. Bd6) 24. Ke1 Bxd4 (24... Qxd3 $143 25. cxd3 Bxd4 26.
Bd6) 25. Bd6 Rf7 (25... Bxb2 $2 26. Qxe4 Rxe4 27. Bxf8 Kxf8 28. Rf4 $16) 26.
Qxe4 Rxe4 27. Rf4 $1 $11) 23... Rxe4 $17 24. Kf1 (24. Rad1 Rfe8 (24... Nb6 {
[%cal Gb6c4]} 25. Bd6 (25. b3 Rc8 {[%csl Gc2]}) 25... Rfe8 26. Ng3 Be3+ 27. Kg2
Rxd4 $11) 25. Rhe1 Nb6 26. b3 (26. Ng1 Nc4 $17) 26... Rc8 $17) 24... Nb6 25.
Rg1 Rfe8 26. Nc1 (26. Rg2 Nc4 $19 {[%cal Gc4e3]}) 26... Nc4 27. Bf2 Ne3+ 28.
Bxe3 Bxe3 (28... Bxe3 29. Rh1 Rf4+ 30. Kg2 Rc8 {[%csl Gc2]}) 0-1

[Event "RUS-Cup final"]
[Site "Ekaterinburg"]
[Date "1999.??.??"]
[Round "11"]
[White "Kobalia, Mihail"]
[Black "Zakharevich, Igor"]
[Result "0-1"]
[WhiteElo "2537"]
[BlackElo "2532"]
[Annotator "Avrukh,B"]
[PlyCount "90"]
[EventDate "1999.08.28"]
[EventType "tourn"]
[EventRounds "11"]
[EventCountry "RUS"]
[EventCategory "11"]
[SourceTitle "CBM 075"]
[Source "ChessBase"]
[SourceDate "2000.04.05"]
[SourceVersion "1"]
[SourceVersionDate "2000.04.05"]
[SourceQuality "1"]

{[%mdl 16384]} 1. e4 d6 2. d4 Nf6 3. Nc3 g6 4. Bg5 Bg7 5. Qd2 c6 6. f4 O-O 7.
Nf3 b5 8. Bd3 Bg4 9. e5 (9. O-O {another possibility for white}) 9... b4 (9...
Ne8 $2 10. O-O f6 11. Bh4 $16 {()}) 10. Ne2 Bxf3 11. gxf3 Nd5 12. Bc4 (12. exd6
Qxd6 13. f5 e5 14. Bh6 exd4 15. Be4 Rd8 (15... Nd7 $142 $13) 16. Bxg7 Kxg7 17.
Qxd4+ Nf6 18. O-O-O Qxd4 19. Rxd4 Rxd4 20. Nxd4 Nxe4 21. fxe4 Kf6 22. Rf1 g5
23. Rd1 $36 {@,Peters,J-Van der Sterren,P/London Lloyds Bank op/1978/}) (12. f5
dxe5 13. h4 Nf4 14. Bxf4 exf4 15. fxg6 fxg6 16. Qxb4 Qd6 17. Qc4+ Kh8 18. Be4
a5 19. O-O-O Ra7 20. h5 g5 21. h6 Bf6 22. Qc3 Rf7 23. Qc4 Rf8 24. c3 Rc7 25.
Qa4 Ra7 26. Kb1 Rc8 27. Qc2 e6 28. Nc1 a4 29. a3 Nd7 30. Na2 Nb6 31. Qe2 c5 32.
dxc5 Qxc5 33. Rd3 Nc4 34. Nb4 Ne3 {1/2-1/2 Kulish,I-Slavina,I/Kolontaevo 1997/
EXT 99 (34)}) 12... a5 (12... f6 13. exf6 exf6 14. Bh4 Qb6 15. f5 $1 $16) 13.
O-O-O f6 (13... Qd7 14. f5 $1 Qxf5 15. Ng3 Qe6 16. f4 dxe5 17. f5 Qd6 18. fxg6
hxg6 19. Rdg1 exd4 20. Nf5 $1 Qe5 21. Nxg7 Ne3 22. Bxe3 dxe3 23. Qd3 Kxg7 24.
Bxf7 Qh5 25. Rxg6+ {1-0/Dreev,A-Azmayparashvili,Z/Moscow GMA-op/1989/}) 14.
exf6 exf6 (14... Bxf6 15. h4 $36) 15. Bh4 Bh6 (15... Kh8 16. f5 $1 g5 17. Bg3 {
[%cal Rh2h4] /\h4->}) (15... Qd7 $5 $13 {[%csl Rf4][%cal Yg8h8,Yf6f5]}) 16. Bg3
$2 $146 {Very unfortunate novelty.White bishop occupies the square,which
belongs to white knight.Also now white bishop is not controles the important
e3-square,but the most imortant thing,that white is not able now to create any
play on the kingside.} (16. Bf2 $142 Nd7 17. h4 N7b6 18. Bd3 $36 Re8 19. Kb1 $1
(19. h5 $2 Rxe2 20. Qxe2 Nxf4 $19) 19... Kh8 (19... a4 20. h5 g5 21. Rdg1 Kh8
$8 {-19...Kh8}) 20. Rdg1 a4 21. h5 g5 $8 22. fxg5 Bxg5 (22... fxg5 23. Ng3 a3
24. Nf5 Qf6 (24... axb2 25. Nxh6 Nc3+ 26. Qxc3 bxc3 27. Nf7+ $18) 25. Nxh6 Qxh6
26. Rxg5 $18 {[%cal Rg5g8] ->,/\Rg8}) 23. f4 Bh6 24. Ka1 {1-0 Ulibin,
M-Zakharevich,I/Elista 1995/CBM 50/[Stohl] (45)} (24. c4 $1 $16)) 16... Nd7 17.
h4 N7b6 18. Bd3 a4 19. h5 (19. c4 bxc3 20. bxc3 Re8 {[%csl Ge3]} 21. h5 g5 22.
fxg5 fxg5 23. Rdg1 Kh8 $17 {[%csl Ge3]}) 19... g5 20. f5 $2 {This move close
the play on the kingside and white remains without any play.} (20. fxg5 $142
fxg5 21. Rhf1 $15 (21. Be4 Qf6) (21. Rdf1 Qe7 $17)) (20. Rdg1 Kh8 21. Kb1 (21.
fxg5 fxg5 22. Bh4 a3 23. b3 Nc3 $1 $17) 21... a3) 20... a3 (20... b3 $5) 21. b3
Qd7 $17 22. Bf2 Rfe8 23. Be4 Qa7 {Black'idea is to push white's bishop from e4,
so black doing everything-to prepare d6-d5.} 24. Kb1 Qa5 {[%csl Gb4] black
defends b-pawn in order to move the knight from d5,with next d6-d5.} 25. Be1 {
[%csl Gb4]} Rab8 26. Ka1 Nc8 27. Rg1 (27. c4 bxc3 28. Nxc3 Nxc3 29. Qxc3 Qxc3+
30. Bxc3 d5 31. Bd3 Re3 $17) 27... Na7 {[%csl Gc6][%cal Gd5c7,Ga7b5]} (27...
Nde7 $2 {[%cal Gd6d5]} 28. f4) 28. Qd3 Kh8 (28... Nc7 $2 29. f4) 29. Rg4 Rbc8
30. c4 (30. f4 Nxf4 31. Nxf4 gxf4 32. Bh4 Rf8 $17) 30... bxc3 31. Nxc3 Nf4 32.
Qb1 (32. Qc2 Qb6) 32... Qc7 (32... Qb6 $5) 33. d5 (33. Bd2 Nb5 (33... d5 34.
Bd3 c5 35. Bxf4 gxf4 36. Nxd5 Qd6 37. Be4 Nb5 38. Qd3 Nxd4 $15) 34. Qc1 (34.
Nxb5 cxb5 35. Rc1 Qb6 $17) 34... Nxc3 (34... d5 35. Nxb5 cxb5 36. Qxc7 Rxc7 37.
Bxf4 gxf4 38. Bxd5) 35. Qxc3 d5 36. Bc2 Ne2 37. Qd3 c5 $19) 33... cxd5 34. Rxf4
(34. Nxd5 Nxd5 35. Rxd5 (35. Bxd5 $2 Rxe1 $19) 35... Nc6 $1 {[%cal Gc6e5]} 36.
Bd2 (36. Bc3 Ne5 37. Bxe5 Rxe5 38. Rd3 d5) 36... Ne5 37. Rg1 g4 $1 38. Ba5 Qa7
$17 {[%csl Ga1]}) 34... gxf4 35. Nxd5 Qg7 (35... Qf7) 36. Bc3 $6 (36. Qd3 Nc6)
36... Nb5 $1 $19 37. Bb4 (37. Bxf6 Qxf6+ 38. Nxf6 Bg7 {and black wins}) 37...
Qa7 {[%cal Ga7f2,Ge8g8]} 38. Qd3 Qf2 {[%csl Ga1]} 39. Bd2 Rg8 40. Nc3 Nxc3 41.
Bxc3 Rg2 42. Bxf6+ Bg7 43. Bxg7+ Kxg7 44. f6+ Kh6 45. Qb1 Rc1 $1 0-1

[Event "Pula zt 1.2"]
[Site "Pula"]
[Date "2000.04.14"]
[Round "4"]
[White "Sutovsky, Emil"]
[Black "Grosar, Aljosa"]
[Result "1-0"]
[WhiteElo "2597"]
[BlackElo "2449"]
[Annotator "Avrukh,B"]
[PlyCount "41"]
[EventDate "2000.04.11"]
[EventType "swiss"]
[EventRounds "11"]
[EventCountry "CRO"]
[SourceTitle "CBM 077"]
[Source "ChessBase"]
[SourceDate "2000.07.27"]
[SourceVersion "1"]
[SourceVersionDate "2000.07.27"]
[SourceQuality "1"]

1. e4 d6 2. d4 Nf6 3. Nc3 g6 4. Bg5 c6 5. Qd2 b5 6. Bd3 Nbd7 7. f4 b4 (7... Nb6
8. e5 Nfd5 9. Ne4 (9. O-O-O $1) 9... f6 10. Bh4 Bh6 11. exf6 exf6 12. Ne2 O-O
13. O-O Be6 {with comfortable play for black 1/2-1/2 Kupreichik,V-Gipslis,A/
URS 1969/URS-ch (43)}) 8. Nce2 Qb6 9. Nf3 (9. c3 $5 Ba6 (9... bxc3 $142 10.
bxc3 Ba6 11. c4 d5 $5 12. c5 Qb7 13. Rb1 Qc8 14. e5 Ne4 $13) 10. c4 $1 {
[%csl Ga6]} Bg7 11. e5 dxe5 12. fxe5 Ng8 13. c5 (13. Nf3 $142 $32) 13... Qa5
14. Bxa6 Qxa6 15. Qxb4 f6 16. exf6 Ngxf6 17. Nf3 O-O $44 {0-1 Scherer,T-Most,Z/
Bayern 1994/EXT 99 (36)}) 9... d5 $2 {[%mdl 8] Very risky and doubtful
idea-black doesn't complete the development and starts the concrete play in
the centre,so it's no wonder,that black loses this battle.} (9... Bg7 10. O-O (
10. e5 Nd5 11. Bc4 a5 12. exd6 f6 13. Bh4 exd6 14. f5 Ba6 15. Bxa6 Qxa6 16. O-O
O-O 17. fxg6 hxg6 $11 {1/2-1/2 Giorgadze,T-Maciejewski,A/Polanica Zdroj 1976/
MCL (25)}) 10... O-O 11. e5 Nd5 12. exd6 exd6 13. f5 Ba6 14. Bxa6 Qxa6 15. a3
Rfe8 {[%csl Ge2]} 16. Ng3 Qb5 17. axb4 Qxb4 18. c3 Qb5 19. Rf2 N7f6 20. h3 $36
{[%cal Gg5h6,Ga1f1] 1-0 Mortensen,E-Fries Nielsen,J/Aarhus 1981/MCD (51)}) 10.
e5 Ne4 11. Qe3 f5 (11... Nxg5 $142 12. Nxg5 {[%cal Ge5e6]} (12. fxg5 c5 13. Nf4
cxd4 14. Nxd4 e6 15. O-O Bc5 16. c3 O-O $13) 12... e6 $8 (12... h6 $2 13. Nxf7
Kxf7 14. e6+ $18) 13. c4 $1 {[%cal Gc4c5]} (13. h4 {[%cal Gh4h5]} h6 (13... c5
14. h5 $36) 14. Nf3 c5 (14... h5 15. O-O c5 16. c4 $36 {[%csl Ge8]}) 15. c4
cxd4 16. Nexd4 dxc4 17. Bxc4 Bb7 $132) (13. O-O c5 $132 14. c4 $140 $2 cxd4 15.
Nxd4 Bc5 16. Ngf3 dxc4 17. Bxc4 Bb7) 13... bxc3 14. bxc3 c5 15. O-O {and white
is clearly better,although black position is playable.}) 12. exf6 exf6 (12...
Ndxf6 $142 13. Ng3 $1 (13. O-O-O Ng4) (13. Bxf6 $140 exf6 (13... Nxf6 14. O-O-O
$16) 14. Bxe4 dxe4 15. Qxe4+ Kf7 $44) (13. h3 Bg7 14. O-O-O O-O $14) 13... Ng4
14. Qe2 h6 15. Nxe4 (15. Bh4 $140 g5) (15. Bxe4 dxe4 16. Qxe4 hxg5 17. Qxg6+
Kd8 18. Nxg5 Kc7 $14) 15... dxe4 16. Bxe4 hxg5 17. Bxg6+ Kd8 18. Nxg5 $16) 13.
Bxe4 dxe4 14. Qxe4+ Kf7 15. f5 $3 $18 {[%csl Gf7][%mdl 128] This brilliant
move is start of crushing attack.Black was hoping to get compensation after
13Bh4} (15. Bh4 $143 Ba6 {[%cal Ga8e8]} 16. O-O Bh6 (16... Re8 $2 17. Ng5+ fxg5
18. fxg5+ {[%csl Ge8]}) 17. Ne5+ fxe5 18. fxe5+ Kg8 19. Qg4 (19. e6 Re8) 19...
Nf8 20. e6 Bc8 $13) 15... fxg5 (15... Kg7 16. Nf4 $1 {[%cal Gf4e6]} fxg5 17.
Ne6+ Kg8 18. fxg6 $18) 16. Nxg5+ Kg7 (16... Kf6 17. fxg6 Kxg5 18. O-O Kh6 19.
Qh4+ Kg7 20. Rf7+ Kxg6 21. Raf1 $18) 17. Ne6+ Kg8 18. O-O {Black is hopeless
against white attack,they doesn't manage to coordinate his piecies.} Nf6 19.
fxg6 Bg7 20. Rxf6 $1 Bxf6 21. Rf1 {[%csl Gg8]} 1-0

[Event "RUS-chT 09th Group2"]
[Site "Ekaterinburg"]
[Date "2002.05.22"]
[Round "6"]
[White "Jakovenko, Dmitrij"]
[Black "Lugovoi, Aleksei"]
[Result "1/2-1/2"]
[WhiteElo "2557"]
[BlackElo "2510"]
[Annotator "Avrukh,B"]
[PlyCount "72"]
[EventDate "2002.05.17"]
[EventType "team-tourn"]
[EventRounds "7"]
[EventCountry "RUS"]
[SourceTitle "CBM 090"]
[Source "ChessBase"]
[SourceDate "2002.09.20"]
[SourceVersion "1"]
[SourceVersionDate "2002.09.20"]
[SourceQuality "1"]
[WhiteTeam "Surgut Yugra"]
[BlackTeam "Sankt Petersburg Lentransgaz II"]
[WhiteTeamCountry "RUS"]
[BlackTeamCountry "RUS"]

1. e4 d6 2. d4 Nf6 3. Nc3 g6 4. g3 Bg7 5. Bg2 O-O 6. Nge2 e5 7. h3 Nc6 8. Be3
exd4 9. Nxd4 Bd7 {The most popular line against white set-up} 10. Nde2 {
This continuation doesn't look ,like a dangerous one for the black.} Re8 11.
O-O b5 $1 {[%csl Ge4] Using the fact,that e4-pawn isn't protected enough} 12.
a3 a5 13. g4 (13. Nf4 $143 $6 Rb8 (13... b4 $5) 14. f3 Ne5 $15 {[%cal Ge5c4]
Magem Badals Jorge-Calvo Jesus Maria/Ch Spain, Matalascanas (Spain) 1995/1/2-1/
2(27)}) (13. Nd4 $5 b4 14. e5 $1 {[%cal Gg2a8]} Nxe5 (14... Nxd4 15. exf6 bxc3
16. fxg7 cxb2 (16... Nf5 $5) 17. Rb1 Nf5 18. Bd2 $1 $44) 15. axb4 c6 (15...
axb4 $4 16. Rxa8 $18) 16. b5 cxb5 17. Ndxb5 (17. Bxa8 $6) 17... d5 $1 18. Bd4
Rb8 $13 {Sadler,M-Nevednichy,V/Yerevan (ol/04) 1996/1-0(29)}) 13... b4 14. axb4
axb4 15. Rxa8 Qxa8 16. Nd5 {[%csl Gc7]} Qc8 $146 ({Quite enough for the
equality} 16... Nxd5 17. exd5 Ne5 18. b3 c5 19. Ng3 c4 $5 (19... Qc8 20. Ne4 {
[%csl Gd6]} Qb8 21. f4 $2 Nxg4 22. hxg4 f5 {[%cal Ge4e3]} 23. gxf5 gxf5 24. Ng5
(24. Nxc5 $6 Rxe3 25. Nxd7 Qa7 $40) 24... Rxe3 25. Qh5 h6 $2 {Gelfand,B-Adams,
M/Madrid 1996/CBM 53/1/2-1/2 (64)} (25... Qe8 $1 26. Qxh7+ Kf8 $17)) 20. bxc4
Qa6 21. Bd4 Qxc4 22. Ne4 Qxd4 {1/2-1/2 Kranzl,P-Schmidt,P/Aschach 1997/CBM 63
ext (22)}) 17. Ng3 Nxd5 18. exd5 Ne5 19. b3 {[%csl Rc4]} (19. Bd4 $143 {
[%cal Gf2f4]} c5 $1 20. dxc6 Bxc6 $40) 19... h5 $5 {Probably the idea of
Qc8-move} (19... c5 {leading to mentioned above Gelfand-Adams game}) 20. gxh5
Bxh3 21. Bd2 $5 {[%cal Gf2f4,Gd2b4]} ({Dubious} 21. h6 $6 Bh8) 21... Bxg2 22.
Kxg2 Qb7 23. Bc1 {[%cal Gf2f4] With very interesting manoeuvre,white allured
black queen on b7 and created some problems for black} (23. c4 $143 bxc3 24.
Bxc3 Nd7 25. Bxg7 Kxg7 $11 26. Qd4+ $140 Re5 {[%csl Gd5]}) 23... Nd7 (23... c6
{is dangerous in view of} 24. f4 Nd7 25. hxg6 fxg6 26. Qd3 Nf8 27. f5 $40 {
[%cal Gf5f6]}) 24. hxg6 fxg6 25. Qf3 $14 Qb5 (25... Nb6 $140 26. Rd1 Re5 $2 27.
Bb2 $1 Rxd5 28. Re1 {[%csl Rg8] and suddenly black is losing} c6 29. Re8+ Kh7
30. Qe4 $18 {[%cal Ge8e7,Ge4h4]}) (25... Rf8 $142 26. Qe4 Nf6 27. Qe6+ Rf7 28.
Rd1 c6 $1 29. Qxd6 (29. Ne4 $140 Nxe4 30. Qxe4 cxd5 31. Qxg6 $2 (31. Qxd5 $142
$11) 31... d4+ 32. Kg1 Qf3 $40) 29... cxd5 30. Bb2 d4+ 31. Kg1 Qc7 $11 {
[%csl Gc2]}) 26. Rd1 Nf6 (26... Qc5 27. Qd3 $1 {[%csl Gg6]} Ne5 28. Qe4 $16 {
[%cal Gc1e3,Gf2f4]}) 27. Bb2 Nh7 $1 (27... Rf8 28. Bxf6 $1 (28. Qe3 Qd7 $1 $11)
28... Rxf6 29. Qg4 $36 {[%cal Gg3e4]}) 28. Bxg7 Kxg7 29. Rd4 (29. Ne4 $1 {
could create some problems for black} Qd7 $1 (29... Re5 $140 30. Rh1 $1 Qxd5
31. Rxh7+ $18 {[%cal Ge4f6]}) 30. Rd4 {[%cal Gd4b4]} (30. Rh1 Qe7 31. Rxh7+
Kxh7 32. Nf6+ Kg7 33. Nxe8+ Qxe8 $11) 30... Re5 $1 {[%csl Gd5]} 31. Rxb4 Rxd5
32. Qc3+ Kh6 $1 {and black is holding the position} (32... Kf7 33. Rb7 $18) 33.
Ng3 Qe7 34. Rc4 c5 35. Re4 Qf6 36. Qe3+ Ng5) 29... Re5 30. c4 bxc3 31. Qxc3 Qc5
$1 $11 32. Rc4 (32. Ne4 Qxc3 33. Nxc3 Nf6 $11) 32... Qxd5+ 33. Kh2 Ng5 34. f4
Nf3+ 35. Kh3 ({Last chance was:} 35. Kg2 $5 Nd2+ 36. Kh3 (36. Kg1 Nxc4 37. bxc4
Qc5+ 38. Kg2 Qe3) 36... Nxc4 37. bxc4 Qa5 (37... Qe6+ 38. Kg2) 38. Qb2 Kf6 $1
39. fxe5+ Qxe5 {and it's should be easy draw for black}) 35... Ng1+ 36. Kh2
Nf3+ 1/2-1/2